000 00365nam a2200145Ia 4500
008 150201s2009 xx 000 0 und d
082 _a617.69
_bC2009A
100 _aAMERONGEN
245 _aCASE REPORTS IN PEDIATRIC DENTISTRY
250 _a1ST
260 _bQUINTESSENCE PUBLICATION
_aCHICAGO
_c2009
300 _a1-130
650 _aPEDODONTICS
942 _2ddc
_cBK
999 _c4589
_d4589